000 00358nam a22001697a 4500
005 20260617162318.0
020 _a9789388050210
041 _aEnglish
082 _aT16 R20 ANA
100 _aAnandakumar P
245 _aPulam peyarnthor Ilakkiyam
250 _a01
260 _aChennai
_bNCBH
_c2020
300 _a102
365 _b100.00
942 _cBK
999 _c177922
_d177922